[Event "AUTO-OPEN-1521"]
[Site "http://www.queenalice.com/game.php?id=574745"]
[Date "2009.4.20"]
[Round "1"]
[White "ButchCassidy"]
[Black "oochessoo"]
[Result "0-1"]
[WhiteElo "1640"]
[BlackElo "1916"]

1. e4 c6 2. Nf3 d5 3. e5 Bg4 4. h3 Bxf3 5. Qxf3 e6 6. d4 Ne7 7. Bd3 c5 8. dxc5
Nbc6 9. O-O Nxe5 10. Bb5+ N7c6 11. Qe2 Qf6 12. Be3 a6 13. Bxc6+ Nxc6 14. c3 Be7
15. Nd2 O-O 16. Nf3 Ne5 17. Nxe5 Qxe5 18. Rae1 Rfc8 19. Qc2 Qc7 20. b4 a5 21.
Bd4 axb4 22. cxb4 b6 23. Re3 bxc5 24. Rc3 c4 25. a3 e5 26. Be3 d4 27. Bxd4 exd4
28. Rg3 d3 29. Qc3 Bf6 30. Qxf6 Qxg3 31. Qe7 Qg6 32. Qd7 c3 33. f4 Qg3 34. Rf3
Qe1+ 35. Rf1 d2 36. Rxe1 dxe1=Q+ 0-1

[Event "AUTO-OPEN-1521"]
[Site "http://www.queenalice.com/game.php?id=574746"]
[Date "2009.4.20"]
[Round "1"]
[White "oochessoo"]
[Black "ButchCassidy"]
[Result "1-0"]
[WhiteElo "1822"]
[BlackElo "1670"]

1. d4 d5 2. c4 dxc4 3. e4 e5 4. Nf3 exd4 5. Bxc4 f6 6. Qb3 Qd7 7. Bxg8 Rxg8 8.
Qxg8 Qg4 9. O-O Qxe4 10. Re1 Qxe1+ 11. Nxe1 1-0

[Event "AUTO-ADV-1301"]
[Site "http://www.queenalice.com/game.php?id=576171"]
[Date "2009.4.22"]
[Round "1"]
[White "oochessoo"]
[Black "doomedbr"]
[Result "0-1"]
[WhiteElo "2145"]
[BlackElo "2053"]

1. d4 e6 2. e4 Nc6 3. Nf3 Bb4+ 4. c3 Be7 5. Bd3 d5 6. e5 Nh6 7. Bxh6 gxh6 8. Qc2
Na5 9. Bxh7 Nc4 10. Bd3 f6 11. Bxc4 dxc4 12. Qg6+ Kd7 13. Nbd2 f5 14. Nxc4 Qg8
15. Qg3 Qf7 16. Qf4 Qg6 17. Ne3 c6 18. O-O-O Kc7 19. Nd2 b6 20. g4 fxg4 21. Nxg4
Bg5 22. Qg3 Ba6 23. Ne3 Rhg8 24. f4 Be7 25. Qxg6 Rxg6 26. Rhg1 Rxg1 27. Rxg1 Rf8
28. Rg6 Rxf4 29. Rxh6 Bd3 30. Rh3 Bg5 31. Nf3 Be7 32. Rg3 Kd7 0-1

[Event "AUTO-ADV-1301"]
[Site "http://www.queenalice.com/game.php?id=576172"]
[Date "2009.4.22"]
[Round "1"]
[White "doomedbr"]
[Black "oochessoo"]
[Result "1-0"]
[WhiteElo "2073"]
[BlackElo "2130"]

1. e3 d5 2. Nf3 Nf6 3. b3 Bg4 4. Bb5+ c6 5. Be2 Nbd7 6. d3 e5 7. Ba3 Bxa3 8.
Nxa3 Qa5+ 9. Qd2 Qxa3 10. c4 dxc4 11. dxc4 Ne4 12. Qc2 Bf5 13. O-O Ng3 14. Bd3
Bxd3 15. Qxd3 Nxf1 16. Kxf1 f6 17. Qf5 Nc5 18. Qc2 Rd8 19. g3 O-O 20. Rb1 Rf7
21. b4 Nd3 22. Qe2 Nxb4 23. Kg2 Qd3 24. Qxd3 Nxd3 25. c5 Nxc5 26. Rc1 b6 27. Rc4
Rd1 28. Rc2 Rfd7 29. h4 h5 30. Rc3 Ra1 31. Rc2 Nd3 32. e4 Ne1+ 33. Nxe1 1-0

[Event "AUTO-ADV-1301"]
[Site "http://www.queenalice.com/game.php?id=576173"]
[Date "2009.4.22"]
[Round "1"]
[White "oochessoo"]
[Black "Lopesq"]
[Result "1-0"]
[WhiteElo "1962"]
[BlackElo "1900"]

1. d4 d5 2. c4 e6 3. Nc3 c6 4. e3 Nf6 5. Nf3 Be7 6. Qc2 Nbd7 7. Bd3 dxc4 8. Bxc4
Bb4 9. O-O O-O 10. e4 Bxc3 11. bxc3 Qc7 12. e5 Nd5 13. Ng5 f5 14. Nxe6 Qb6 15.
Nxf8 Nxf8 16. Rb1 Qd8 17. Bd3 Kh8 18. Bd2 g6 19. Rfe1 Ne6 20. Be2 a6 21. a4 Qh4
22. a5 Ndf4 23. Bxf4 Nxf4 24. Bf3 Ne6 25. Qb3 Qe7 26. Qb4 Qd8 27. Qd6 Qc7 28. d5
Qxd6 29. exd6 cxd5 30. Bxd5 Nf4 31. Re8+ Kg7 32. Bxb7 Bxb7 33. Rxb7+ Kh6 34.
Rxa8 1-0

[Event "AUTO-ADV-1301"]
[Site "http://www.queenalice.com/game.php?id=576174"]
[Date "2009.4.22"]
[Round "1"]
[White "Lopesq"]
[Black "oochessoo"]
[Result "0-1"]
[WhiteElo "1900"]
[BlackElo "1929"]

1. Nf3 d5 2. d4 Nf6 3. c3 e6 4. Bf4 c5 5. e3 Nc6 6. Nbd2 Be7 7. Be2 O-O 8. O-O
Nh5 9. Be5 f6 10. Bg3 Nxg3 11. fxg3 e5 12. dxc5 Bxc5 13. Kh1 Bxe3 14. Nb3 a5 15.
Qd3 Bb6 16. a4 e4 17. Qd1 exf3 18. Bxf3 Be6 19. Re1 Bf7 20. Nc1 Ne5 21. Bh5 Bxh5
22. Qxh5 Qd7 23. Ne2 Nd3 24. Nd4 Nxe1 25. Rxe1 Rfe8 26. Rxe8+ Rxe8 27. h3 Bxd4
28. cxd4 Re1+ 29. Kh2 g5 30. h4 Qc7 31. hxg5 Qc1 0-1

[Event "AUTO-ADV-1301"]
[Site "http://www.queenalice.com/game.php?id=576175"]
[Date "2009.4.22"]
[Round "1"]
[White "oochessoo"]
[Black "Mars"]
[Result "1-0"]
[WhiteElo "1991"]
[BlackElo "1685"]

1. d4 d5 2. c4 c6 3. Nc3 Bf5 4. Qb3 Qd7 5. cxd5 cxd5 6. Qxd5 e6 7. Qxd7+ Nxd7 8.
e4 Bg6 9. Bd3 Bb4 10. Ne2 Ne7 11. O-O a6 12. a3 Bxc3 13. bxc3 O-O 14. a4 e5 15.
f4 f6 16. Ba3 Rae8 17. Rab1 b6 18. f5 Bh5 19. Ng3 Bf7 20. Bxa6 h6 21. Bb5 Rc8
22. Bxe7 Rxc3 23. Bxd7 Ra8 24. dxe5 fxe5 25. Rxb6 Ra7 26. Rd1 Rc2 27. Rb8+ Kh7
28. Rf8 Bb3 29. Be8 Rxe7 30. Bg6# 1-0

[Event "AUTO-ADV-1301"]
[Site "http://www.queenalice.com/game.php?id=576176"]
[Date "2009.4.22"]
[Round "1"]
[White "Mars"]
[Black "oochessoo"]
[Result "0-1"]
[WhiteElo "1687"]
[BlackElo "2034"]

1. d4 d5 2. g3 Nf6 3. Bg2 c6 4. Nc3 Bf5 5. e3 e6 6. Nf3 Bd6 7. O-O h6 8. Re1 O-O
9. Nh4 Bh7 10. e4 Be7 11. Qd3 g5 12. Nf3 dxe4 13. Nxe4 Nxe4 14. Ne5 Nf6 15. Qb3
Qb6 16. Qe3 Bxc2 17. b3 Nd5 18. Qd2 Bb4 19. Qxc2 Bxe1 20. Bxd5 cxd5 21. Be3 Bb4
22. h4 Be7 23. Rc1 Ba3 24. Rd1 Qd8 25. h5 Qe8 26. Qc7 f6 27. Ng6 Rf7 28. Qc2 Nc6
29. f4 Rc8 30. Qb1 Bd6 31. Rf1 g4 32. Rf2 Rfc7 33. Kg2 Ne7 34. Nxe7+ Bxe7 35.
Qg6+ Qxg6 36. hxg6 f5 37. a4 Rc3 38. Bd2 Rxb3 39. Rf1 Bf6 40. Rh1 Rc2 41. Rd1
Rf3 42. a5 Bxd4 0-1

[Event "AUTO-MASTER-799"]
[Site "http://www.queenalice.com/game.php?id=585451"]
[Date "2009.5.9"]
[Round "1"]
[White "jotat"]
[Black "oochessoo"]
[Result "0-1"]
[WhiteElo "2247"]
[BlackElo "2056"]

1. c4 e5 2. Nc3 Nf6 3. Nf3 Nc6 4. g3 Bb4 5. Bg2 O-O 6. O-O e4 7. Ng5 Bxc3 8.
bxc3 Re8 9. Qc2 Qe7 10. Rb1 h6 11. Nh3 b6 12. Nf4 Na5 13. Nd5 Nxd5 14. cxd5 c6
15. dxc6 dxc6 16. a3 Bf5 17. Qa4 Qe6 18. Rb4 c5 19. Rb1 Rad8 20. e3 Re7 21. Qc2
Nc4 22. Rd1 Bg4 23. Re1 Qf5 24. h3 Bxh3 25. Bxh3 Qxh3 26. a4 Rd5 0-1

[Event "AUTO-MASTER-799"]
[Site "http://www.queenalice.com/game.php?id=585452"]
[Date "2009.5.9"]
[Round "1"]
[White "oochessoo"]
[Black "jotat"]
[Result "1-0"]
[WhiteElo "2116"]
[BlackElo "2277"]

1. d4 d5 2. c4 e5 3. dxe5 d4 4. a3 Nc6 5. e3 Nge7 6. Nf3 Bg4 7. Be2 dxe3 8.
Qxd8+ Rxd8 9. Bxe3 a5 10. Nbd2 Ng6 11. h3 Bf5 12. Nb3 Bd3 13. Rd1 Bxe2 14. Kxe2
a4 15. Nbd4 Ncxe5 16. Nxe5 Nxe5 17. Nb5 Rc8 18. Bf4 c6 19. Bxe5 cxb5 20. cxb5
Rc5 21. Bc3 Rxb5 22. Rd4 Be7 23. Rxa4 O-O 24. Rd1 Rf5 25. Rd7 b5 26. Re4 Bf6 27.
Bxf6 gxf6 28. g4 Rc5 29. b3 f5 30. Ree7 fxg4 31. hxg4 h5 32. gxh5 Rxh5 33. f3
Rh2+ 34. Kd3 Rb2 35. Kc3 Rf2 36. Re3 Ra8 37. Kb4 Kg7 38. Rb7 Ra2 39. Ree7 1-0

[Event "AUTO-MASTER-799"]
[Site "http://www.queenalice.com/game.php?id=585465"]
[Date "2009.5.9"]
[Round "1"]
[White "Chris93"]
[Black "oochessoo"]
[Result "1-0"]
[WhiteElo "2161"]
[BlackElo "2105"]

1. e4 c6 2. Nc3 d5 3. Qf3 dxe4 4. Nxe4 Nd7 5. d3 Ngf6 6. Bd2 g6 7. O-O-O Bg7 8.
Bc3 O-O 9. h4 h5 10. Ne2 Nb6 11. Nxf6+ exf6 12. Ng3 Bg4 13. Qf4 Nd5 14. Qc4 Nxc3
15. Qxc3 1-0

[Event "AUTO-MASTER-799"]
[Site "http://www.queenalice.com/game.php?id=585466"]
[Date "2009.5.9"]
[Round "1"]
[White "oochessoo"]
[Black "Chris93"]
[Result "0-1"]
[WhiteElo "2116"]
[BlackElo "2150"]

1. d4 Nf6 2. Bg5 Ne4 3. Bf4 d5 4. f3 Nf6 5. e4 e6 6. e5 Nfd7 7. Be3 c5 8. c3 Nc6
9. f4 cxd4 10. cxd4 Bb4+ 11. Nd2 O-O 12. Nf3 Nb6 13. Rc1 Nc4 14. Bxc4 dxc4 15.
Rxc4 Qd5 16. Qc2 Bd7 0-1

[Event "AUTO-MASTER-799"]
[Site "http://www.queenalice.com/game.php?id=585475"]
[Date "2009.5.9"]
[Round "1"]
[White "oochessoo"]
[Black "Papageno"]
[Result "1-0"]
[WhiteElo "1998"]
[BlackElo "1988"]

1. d4 g6 2. e4 Bg7 3. Nc3 c5 4. d5 d6 5. Nf3 e6 6. Bb5+ Nd7 7. dxe6 fxe6 8. Qxd6
Qe7 9. Qc7 Nf6 10. Bg5 O-O 11. e5 Ne8 12. Qxc8 Rxc8 13. Bxe7 1-0

[Event "AUTO-MASTER-799"]
[Site "http://www.queenalice.com/game.php?id=585476"]
[Date "2009.5.9"]
[Round "1"]
[White "Papageno"]
[Black "oochessoo"]
[Result "0-1"]
[WhiteElo "1988"]
[BlackElo "2026"]

1. Nf3 d5 2. c4 d4 3. d3 c5 4. e3 Nc6 5. g3 e5 6. Bg2 Be7 7. Nbd2 dxe3 8. fxe3
Qxd3 9. Kf2 Nf6 10. h3 O-O 11. b3 Rd8 12. Rf1 Nb4 13. Qe2 e4 14. Ng5 Qc3 15. Rb1
Nd3+ 16. Kg1 Nxc1 0-1

[Event "QA-ANNIV-05"]
[Site "http://www.queenalice.com/game.php?id=604283"]
[Date "2009.6.15"]
[Round "1"]
[White "oochessoo"]
[Black "pensalo"]
[Result "0-1"]
[WhiteElo "2153"]
[BlackElo "2355"]

1. d4 Nf6 2. Bg5 c5 3. Bxf6 exf6 4. d5 d6 5. g3 g6 6. Bg2 f5 7. c3 Bg7 8. Nf3
O-O 9. O-O Nd7 10. Na3 Ne5 11. Nxe5 dxe5 12. Qd2 e4 13. Rad1 Bd7 14. f3 exf3 15.
exf3 b5 16. Rfe1 Rb8 17. Nc2 a5 18. a3 Qb6 19. f4 b4 20. axb4 axb4 21. Ne3 bxc3
22. bxc3 Qb3 23. Rc1 c4 24. Bf1 Rfc8 25. Red1 h6 26. h3 Qa3 27. Bxc4 Re8 28. Qd3
Rbc8 29. Kf2 Rxe3 30. Kxe3 Qc5+ 31. Kf3 Qxc4 32. Qxc4 Rxc4 33. d6 Rxc3+ 34. Rxc3
Bxc3 35. Ke3 Kg7 36. Kd3 Ba5 37. Kd4 Bb6+ 38. Ke5 Bf2 39. Rd3 h5 40. h4 Be6 0-1